La poésie et l'éloquence a Rome au temps des Césars / (Record no. 156258)

MARC details
000 -LEADER
campo de control de longitud fija 00585nam a2200169 4500
001 - NÚMERO DE CONTROL
campo de control 156258
003 - IDENTIFICADOR DE NÚMERO DE CONTROL
campo de control ES-MaACL
005 - FECHA Y HORA DE LA ÚLTIMA TRANSACCIÓN
campo de control 20250709063219.0
008 - DATOS DE LONGITUD FIJA--INFORMACIÓN GENERAL
campo de control de longitud fija 950504s1864 fr |||| | fre d
040 ## - FUENTE DE CATALOGACIÓN
Centro catalogador/agencia de origen EUS
Lengua de catalogación spa
Centro/agencia transcriptor EUS
100 1# - ENTRADA PRINCIPAL--NOMBRE DE PERSONA
Nombre de persona Janin, Jules Gabriel,
Fechas asociadas al nombre 1804-1874
9 (RLIN) 66026
245 13 - MENCIÓN DEL TÍTULO
Título La poésie et l'éloquence a Rome au temps des Césars /
Mención de responsabilidad, etc. par Jules Janin.
260 ## - PUBLICACIÓN, DISTRIBUCIÓN, ETC.
Lugar de publicación, distribución, etc. Paris :
Nombre del editor, distribuidor, etc. Librairie Académique Didier et Ce,
Fecha de publicación, distribución, etc. 1864 (
Fabricante Bonaventure et Ducessois)
300 ## - DESCRIPCIÓN FÍSICA
Extensión XIV, 491 p. ;
Dimensiones 23 cm.
852 ## - LOCALIZACIÓN
Ubicación ES-MaACL
Número de control de estantería G-7977
Nota libre -- Enc. hol.
Holdings
Estatus retirado Estado de pérdida Estado de daño No para préstamo Colección Biblioteca de origen Biblioteca actual Ubicación en estantería Fecha de adquisición Fuente de adquisición Total de préstamos Signatura topográfica completa Código de barras Visto por última vez Precio de reemplazo Tipo de ítem Koha
        Libros del s. XIX Biblioteca del Ateneo de Madrid Biblioteca del Ateneo de Madrid Sala Pecera Planta 3 17/01/2008     G-7977 1163478 23/02/2023 23/02/2023 Libro impreso antiguo